| 000 | 00455nam a2200181Ia 4500 | ||
|---|---|---|---|
| 008 | 230711s9999||||xx |||||||||||||| ||und|| | ||
| 020 | _a978-81-219-2071-1 | ||
| 041 | _aENG | ||
| 082 |
_a535.5 _bAV-I |
||
| 100 | _aAvadhanui,M.N | ||
| 245 | 3 | _aAn Introduction to Lasers : Theory and Application | |
| 250 | _a1st Ed. | ||
| 260 |
_c2011 _aNew Delhi _bS.Chand & Company Ltd |
||
| 300 | _a200p. | ||
| 650 | _aPhysics | ||
| 700 | _aHemne,P.S | ||
| 942 | _cBK | ||
| 999 |
_c6769 _d6769 |
||